| 000 | 00652nam a22001577a 4500 | ||
|---|---|---|---|
| 003 | OSt | ||
| 005 | 20151103105530.0 | ||
| 008 | 151103b xxu||||| |||| 00| 0 eng d | ||
| 040 | _cRUA | ||
| 082 | _aFOR TEP 1996 B122 Or.1 | ||
| 100 |
_93255 _aTEP, PHALKUN. |
||
| 245 | _aConcept on forest and wildlife development plans in pursat province (ទស្សនាទាននៃការរៀបចំផែនការអភិវឌ្ឃន៏ព្រៃឈើនិងសត្វព្រៃនៅក្នុងខេត្តពោធិ៏៏័សាត់) | ||
| 260 |
_aPhnom Penh _bRUA _c1996 |
||
| 300 |
_a64p. _bill. _c29cm. |
||
| 942 |
_2ddc _cFOR |
||
| 999 |
_c3039 _d3039 |
||